Una revolución (no tan) silenciosa (Registro nro. 15923)
[ vista simple ]
| 000 -LEADER | |
|---|---|
| fixed length control field | 00396 a2200133 4500 |
| 001 - CONTROL NUMBER | |
| control field | ART_2705 |
| 005 - DATE AND TIME OF LATEST TRANSACTION | |
| control field | 20260410161709.0 |
| 008 - FIXED-LENGTH DATA ELEMENTS--GENERAL INFORMATION | |
| fixed length control field | 260409a |
| 100 1# - MAIN ENTRY--PERSONAL NAME | |
| Personal name | Bisang, Roberto |
| 245 10 - TITLE STATEMENT | |
| Title | Una revolución (no tan) silenciosa |
| 700 1# - ADDED ENTRY--PERSONAL NAME | |
| Personal name | Anlló, Guillermo |
| 700 1# - ADDED ENTRY--PERSONAL NAME | |
| Personal name | Campi, Mercedes |
| 773 0# - HOST ITEM ENTRY | |
| Title | Desarrollo económico |
| Related parts | - Vol. 48, Nº 190/191 (jul./dic. 2008) |
| Record control number | REV1174 |
No hay ítems disponibles.